000 00521nam a2200169Ia 4500
008 230907s9999||||xx |||||||||||||| ||und||
082 _a621
_bZOH
100 _aZohaib Hassan (00000277510)
_9116630
245 0 _aMathematical Modeling and Thermal Analysis of Evacuated Flat Plate Collector in Pakistan ?
260 _aUSPCAS-E, NUST,
_bIslamabad :
_c2021
300 _a65 p.
520 _aTH-306
650 _aMS-TEE Thesis
_9116575
650 _aMS Thesis
_918721
700 _aDr. Mariam Mahmood
942 _cTHE
_2ddc
999 _c601984
_d601984